Statistics for Kpop Artists Under JYP Entertainment

Click here to take the quiz!

General Stats

  • This quiz has been taken 1,815 times
  • The average score is 6 of 17

Answer Stats

HintArtist% Correct
Girl GroupTwice
94%
Boy GroupGot7
85%
Boy Group2PM
68%
Girl GroupWonder Girls
62%
Girl GroupMiss A
58%
Boy Group2AM
56%
Boy GroupDay6
55%
Male SoloJ.Y. Park
36%
Female SoloSunmi
32%
Girl Group15&
25%
Female SoloBaek A Yeon
11%
Male SoloJun.K
8%
Male SoloBernard Park
5%
Male SoloG. Soul
3%
Male/Female DuoJOO
2%
Male SoloSan E
2%
Girl GroupSixteen
1%

Score Distribution

Percentile by Number Answered

Percent of People with Each Score

Your Score History

You have not taken this quiz